MARC
| LEADER | 00000cam a2200000 7i4500 | ||
|---|---|---|---|
| 001 | 0000004766 | ||
| 005 | 20061204.0 | ||
| 040 | |a INS | ||
| 090 | 0 | 0 | |a GV583 |
| 245 | 0 | 0 | |a Sukan persahabatan sempena ulangtahun ke 10 INSPEN pada 1/8/95 (RTM lwn INSPEN) [video recording] |
| 260 | |a Bangi : |b Inspen , |c 1995 | ||
| 300 | |a 2 video cassette(VHS) (2:20 ) : |b sd., col. ; |c 1/2 in. | ||
| 650 | 0 | 0 | |a Sports |
| 999 | |a VHS586 |b VIDEO |c Media Collection |e Default branch | ||